[Event "Bangkok Big Rook op"]
[Site "Bangkok"]
[Date "2023.05.07"]
[Round "7"]
[White "Habla, Jony"]
[Black "Andok, Aron"]
[Result "1-0"]
[WhiteElo "2257"]
[BlackElo "1653"]
[PlyCount "55"]
[EventDate "2023.05.04"]
[EventType "swiss"]
[EventRounds "7"]
[EventCountry "THA"]
[SourceTitle "CBM 214 Extra"]
[Source "ChessBase"]
[SourceDate "2023.07.31"]
[SourceVersion "1"]
[SourceVersionDate "2023.07.31"]
[SourceQuality "1"]

1. e4 e5 2. Nf3 Nc6 3. Bb5 a6 4. Ba4 Nf6 5. d3 b5 6. Bb3 Be7 7. c3 0-0 8. 0-0 d6 9. Re1 Be6 10. Bc2 Ne8 11. Nbd2 f5 12. exf5 Bxf5 13. d4 Bxc2 14. Qxc2 exd4 15. cxd4 Nb4 16. Qb3+ d5 17. Ne5 c5 18. a3 c4 19. Qh3 Bh4 20. Ndf3 Nc2 21. Nxh4 Nxe1 22. Qe6+ Kh8 23. Nhg6+ hxg6 24. Nxg6+ Kh7 25. Nxf8+ Kh8 26. Ng6+ Kh7 27. Ne7 Nf6 28. Qh3+ 1-0

[Event "Bangkok Big Rook op"]
[Site "Bangkok"]
[Date "2023.05.05"]
[Round "2"]
[White "Andok, Aron"]
[Black "Rangkaew, Katunchalee"]
[Result "1-0"]
[WhiteElo "1653"]
[BlackElo "1370"]
[PlyCount "57"]
[EventDate "2023.05.04"]
[EventType "swiss"]
[EventRounds "7"]
[EventCountry "THA"]
[SourceTitle "CBM 214 Extra"]
[Source "ChessBase"]
[SourceDate "2023.07.31"]
[SourceVersion "1"]
[SourceVersionDate "2023.07.31"]
[SourceQuality "1"]

1. e4 e5 2. Nf3 Nc6 3. d4 exd4 4. Nxd4 Nf6 5. Nxc6 bxc6 6. Bd3 Bc5 7. Bg5 h6 8. Bh4 0-0 9. Nc3 d6 10. 0-0 Re8 11. Re1 Bg4 12. Bxf6 Bxf2+ 13. Kh1 Qd7 14. Be2 gxf6 15. Bxg4 Qe7 16. Rf1 Bc5 17. Bf5 Rad8 18. Qg4+ Kh8 19. Qh4 Kg7 20. Rf3 Qe5 21. Raf1 d5 22. Qg4+ Kf8 23. exd5 cxd5 24. Qf4 Bd6 25. Qxh6+ Ke7 26. Re3 Rh8 27. Nxd5+ Ke8 28. Rxe5+ Bxe5 29. Qxh8# 1-0

[Event "Bangkok Big Rook op"]
[Site "Bangkok"]
[Date "2023.05.05"]
[Round "3"]
[White "Sek, Konstantin"]
[Black "Andok, Aron"]
[Result "1-0"]
[WhiteElo "2425"]
[BlackElo "1653"]
[PlyCount "69"]
[EventDate "2023.05.04"]
[EventType "swiss"]
[EventRounds "7"]
[EventCountry "THA"]
[SourceTitle "CBM 214 Extra"]
[Source "ChessBase"]
[SourceDate "2023.07.31"]
[SourceVersion "1"]
[SourceVersionDate "2023.07.31"]
[SourceQuality "1"]

1. e4 e5 2. Nf3 Nc6 3. Bb5 a6 4. Ba4 Nf6 5. d3 b5 6. Bb3 d6 7. Ng5 d5 8. exd5 Nd4 9. c4 bxc4 10. dxc4 h6 11. Nf3 Bg4 12. Ba4+ c6 13. Be3 Qa5+ 14. Nc3 0-0-0 15. Bxd4 exd4 16. Qxd4 Bc5 17. Qd3 Nxd5 18. cxd5 Rxd5 19. Qe2 Bd4 20. 0-0 Bxc3 21. Bxc6 Rc5 22. Be4 Re8 23. bxc3 Rce5 24. Qc4+ Rc5 25. Bb7+ Kxb7 26. Qxg4 f5 27. Qxg7+ Rc7 28. Qxh6 Rg8 29. Rab1+ Ka8 30. Qb6 Qxb6 31. Rxb6 Rxc3 32. Nd4 Ka7 33. Rb3 Rxb3 34. axb3 Rb8 35. Nc6+ 1-0

[Event "Bangkok Big Rook op"]
[Site "Bangkok"]
[Date "2023.05.04"]
[Round "1"]
[White "Baba, Masahiro"]
[Black "Andok, Aron"]
[Result "1-0"]
[WhiteElo "2274"]
[BlackElo "1653"]
[PlyCount "84"]
[EventDate "2023.05.04"]
[EventType "swiss"]
[EventRounds "7"]
[EventCountry "THA"]
[SourceTitle "CBM 214 Extra"]
[Source "ChessBase"]
[SourceDate "2023.07.31"]
[SourceVersion "1"]
[SourceVersionDate "2023.07.31"]
[SourceQuality "1"]

1. e4 e5 2. Nf3 Nc6 3. Bb5 a6 4. Ba4 b5 5. Bb3 d6 6. 0-0 Na5 7. d4 Nxb3 8. axb3 Bg4 9. dxe5 Bxf3 10. Qxf3 dxe5 11. Nc3 Bd6 12. Qg3 Nf6 13. Qxg7 Rg8 14. Qh6 Rg6 15. Qe3 b4 16. Nd5 Ng4 17. Qf3 c6 18. Ne3 Nxh2 19. Kxh2 Qh4+ 20. Kg1 Rh6 21. Qh3 Qxh3 22. gxh3 Rxh3 23. Nf5 Kd7 24. Kg2 Rh5 25. Rd1 Kc7 26. Be3 Bf8 27. Rh1 Rxh1 28. Rxh1 h6 29. Nxh6 Bxh6 30. Rxh6 a5 31. Rf6 a4 32. bxa4 Rxa4 33. Bc5 b3 34. Rxf7+ Kd8 35. cxb3 Rxe4 36. Kf3 Re1 37. Kg4 Re4+ 38. Kf5 Re2 39. Ke6 Rxb2 40. b4 e4 41. Kd6 Ke8 42. Rf6 Ra2 1-0

[Event "Thailand Team op"]
[Site "Bangkok"]
[Date "2022.12.06"]
[Round "7.2"]
[White "Wiwatanadate, Poompong"]
[Black "Andok, Aron"]
[Result "1-0"]
[WhiteElo "2037"]
[BlackElo "1631"]
[PlyCount "79"]
[EventDate "2022.12.03"]
[EventType "team-swiss"]
[EventRounds "9"]
[EventCountry "THA"]
[SourceTitle "CBM 211 Extra"]
[Source "ChessBase"]
[SourceDate "2023.01.31"]
[SourceVersion "1"]
[SourceVersionDate "2023.01.31"]
[SourceQuality "1"]
[WhiteTeam "Big Rook c5"]
[BlackTeam "Korat CC"]
[WhiteTeamCountry "THA"]
[BlackTeamCountry "THA"]

1. Nf3 Nc6 2. c4 e5 3. Nc3 Nf6 4. e4 Nd4 5. Nxe5 Qe7 6. Nf3 Nxe4 7. Nd5 Nxf3+ 8. gxf3 Nc3+ 9. Nxe7 Nxd1 10. Nd5 Nxf2 11. Kxf2 Bc5+ 12. Kg2 Kd8 13. b4 Bd4 14. Rb1 h5 15. Bb2 Bxb2 16. Rxb2 d6 17. Bd3 Be6 18. Ne3 a5 19. b5 b6 20. Be4 Rb8 21. h4 Rf8 22. f4 Re8 23. Bc6 Rg8 24. Kf2 f6 25. Rg1 g5 26. hxg5 fxg5 27. Rxg5 Rxg5 28. fxg5 h4 29. Rb1 Ke7 30. Be4 Rg8 31. g6 Kf6 32. Rg1 Ke5 33. d3 h3 34. Kg3 a4 35. Ng4+ Kd4 36. Kxh3 Kc3 37. Kg3 a3 38. Ne3 Ra8 39. Bxa8 Kxd3 40. Bd5 1-0

[Event "Thailand Team op"]
[Site "Bangkok"]
[Date "2022.12.05"]
[Round "5.1"]
[White "Andok, Aron"]
[Black "Bitoon, Jimson"]
[Result "0-1"]
[WhiteElo "1631"]
[BlackElo "2170"]
[PlyCount "64"]
[EventDate "2022.12.03"]
[EventType "team-swiss"]
[EventRounds "9"]
[EventCountry "THA"]
[SourceTitle "CBM 211 Extra"]
[Source "ChessBase"]
[SourceDate "2023.01.31"]
[SourceVersion "1"]
[SourceVersionDate "2023.01.31"]
[SourceQuality "1"]
[WhiteTeam "Korat CC"]
[BlackTeam "JCA"]
[WhiteTeamCountry "THA"]
[BlackTeamCountry "THA"]

1. e4 c5 2. c3 g6 3. d4 cxd4 4. Qxd4 Nf6 5. Bb5 Nc6 6. Bxc6 bxc6 7. e5 Nd5 8. e6 f6 9. exd7+ Bxd7 10. Ne2 e5 11. Qh4 Be6 12. 0-0 Bg7 13. f4 Qb6+ 14. Kh1 0-0 15. Qf2 Bf5 16. Na3 Bd3 17. c4 Nxf4 18. Nxf4 exf4 19. Qxb6 axb6 20. Rd1 Be2 21. Rd6 f5 22. Rb1 f3 23. Be3 f4 24. Bxb6 fxg2+ 25. Kxg2 f3+ 26. Kf2 Rfb8 27. c5 Re8 28. Nc2 Ra4 29. Rxc6 Rg4 30. Rg1 Rc4 31. Rc1 Bxb2 32. Rd6 Bxc1 0-1